Por una reforma radical de las Universidades Latinoamericanas / (Registro nro. 6362)
[ vista simple ]
| 000 -CABECERA | |
|---|---|
| campo de control de longitud fija | 01069nam a2200229 i 4500 |
| 001 - NÚMERO DE CONTROL | |
| campo de control | Rebiun12484910 |
| 003 - IDENTIFICADOR DEL NÚMERO DE CONTROL | |
| campo de control | AR-RoIUNI |
| 005 - FECHA Y HORA DE LA ÚLTIMA TRANSACCIÓN | |
| campo de control | 20251125104021.0 |
| 007 - CAMPO FIJO DE DESCRIPCIÓN FÍSICA--INFORMACIÓN GENERAL | |
| campo de control de longitud fija | ta |
| 008 - DATOS DE LONGITUD FIJA--INFORMACIÓN GENERAL | |
| campo de control de longitud fija | 110629s2010 sp fr 001 0 spa d |
| 020 ## - NÚMERO INTERNACIONAL ESTÁNDAR DEL LIBRO | |
| Número Internacional Estándar del Libro | 9789508086105 |
| 080 ## - NÚMERO DE LA CLASIFICACIÓN DECIMAL UNIVERSAL | |
| Número de la Clasificación Decimal Universal | 378.1 (7/8) LEH |
| 100 ## - ENTRADA PRINCIPAL--NOMBRE DE PERSONA | |
| Nombre de persona | Leher, Roberto |
| 245 00 - MENCIÓN DE TÍTULO | |
| Título | Por una reforma radical de las Universidades Latinoamericanas / |
| Mención de responsabilidad, etc. | Coompilador Roberto Leher. |
| 250 ## - MENCIÓN DE EDICIÓN | |
| Mención de edición | 1a. ed. |
| 260 ## - PUBLICACIÓN, DISTRIBUCIÓN, ETC. (PIE DE IMPRENTA) | |
| Lugar de publicación, distribución, etc. | Rosario: |
| Nombre del editor, distribuidor, etc. | Homo Sapiens, |
| Fecha de publicación, distribución, etc. | 2010 |
| 300 ## - DESCRIPCIÓN FÍSICA | |
| Extensión | 380 p. ; |
| Dimensiones | 22 cm |
| 490 ## - MENCIÓN DE SERIE | |
| Mención de serie | Estudios Latinoamericanos |
| 520 ## - SUMARIO, ETC. | |
| Sumario, etc. | El presente libro está conformado por estudios presentados y debatidos en el ámbito del GT Universidad y Sociedad de CLACSO, inscritos en una misma gran problemática. Los artículos contienen nexos entretejidos, imbricados por la finalidad de la producción del GT: elaborar conocimiento capaz de transformar la realidad educativa en pro de una real universalidad del derecho de estudiar y por el compromiso de la Universidad en la investigación. |
| 650 #4 - PUNTO DE ACCESO ADICIONAL DE MATERIA--TÉRMINO DE MATERIA | |
| Término de materia o nombre geográfico como elemento inicial | Universidades |
| 942 ## - ELEMENTOS DE PUNTO DE ACCESO ADICIONAL (KOHA) | |
| Fuente del sistema de clasificación o colocación | Clasificación Decimal Universal |
| Tipo de ítem Koha | Libros |
| Estado de retiro | Estado de pérdida | Fuente del sistema de clasificación o colocación | Estado dañado | Excepción de préstamo | Código de colección | Localización permanente | Ubicación/localización actual | Ubicación en estantería | Fecha de adquisición | Número de inventario | Total de préstamos | Signatura topográfica completa | Código de barras | Fecha visto por última vez | Precio válido a partir de | Tipo de ítem Koha |
|---|---|---|---|---|---|---|---|---|---|---|---|---|---|---|---|---|
| Clasificación Decimal Universal | Humanistica | BIBLIOTECA CRESPO | BIBLIOTECA CRESPO | BIBLIOTECA CRESPO | 25/11/2025 | 9199 | 378.1 (7/8) LEH | 9199 | 25/11/2025 | 25/11/2025 | Libros |

